书目信息 |
| 题名: |
数学百科辞典
|
|
| 作者: | ;马忠林 译 ;日本数学会 编 | |
| 分册: | ||
| 出版信息: | 北京 科学出版社 1984 |
|
| 页数: | 1804页 | |
| 开本: | 19cm | |
| 丛书名: | ||
| 单 册: | ||
| 中图分类: | O1-61 | |
| 科图分类: | ||
| 主题词: | 数学--词典 | |
| 电子资源: | ||
| ISBN: | ||
| 000 | 00707nam0 2200253 45 | |
| 001 | 0184002470 | |
| 005 | 20040922085214.1 | |
| 010 | @b精装@dCNY27.80 | |
| 091 | @a11701.185 | |
| 100 | @a19950705d1984 em y0chiy0121 ea | |
| 101 | 1 | @achi@cjpn |
| 102 | @aCN@b110000 | |
| 105 | @ay e 000yy | |
| 106 | @ar | |
| 200 | 10 | @a数学百科辞典@Ashu xue bai ke ci dian@f日本数学会编@g马忠林等译 |
| 210 | @a北京@c科学出版社@d1984 | |
| 215 | @a1804页@d19cm | |
| 606 | @a数学@x词典 | |
| 690 | @aO1-61@v3 | |
| 702 | 0 | @a马忠林@Ama zhong lin@4译 |
| 711 | 02 | @a日本数学会@Ari ben shu xue hui@4编 |
| 801 | 0 | @aCN@b上海图书馆@c20040921 |
| 801 | 2 | @aCN@bNLC@c20040921 |
| 905 | @f2@b120118-119@dO1-61@e115@f1@b120116 | |
| 数学百科辞典/日本数学会编/马忠林等译.-北京:科学出版社,1984 |
| 1804页;19cm |
| ISBN (精装):CNY27.80 |
| ● |
| 相关链接 |
|
|
|
|
正题名:数学百科辞典
索取号:O1-61/115
 
预约/预借
| 序号 | 登录号 | 条形码 | 馆藏地/架位号 | 状态 | 备注 |
| 1 | 0120116 | 001961238 | 密集书库/ [索取号:O1-61/115] | 在馆 | |
| 2 | 0120118 | 001961274 | 密集书库/ [索取号:O1-61/115] | 在馆 | |
| 3 | 0120119 | 000555651 | 工具书阅览室/ [索取号:O1-61/115] | 在馆 | |
| 4 | 0120120 | 000555642 | 第二样本阅览室/ [索取号:O1-61/115] | 在馆 |